| 000 | 00859nam a22002777a 4500 | ||
|---|---|---|---|
| 003 | CHAP | ||
| 005 | 20220329134416.0 | ||
| 008 | 971013s r 00010 d | ||
| 010 | _a20099 | ||
| 011 | _a21071 | ||
| 035 | _a25160 | ||
| 040 | _cCHAP | ||
| 090 | _aFolleto 6562 | ||
| 110 |
_aCentro Nacional de Productividad, A. C. México. Programa Campesino _921248 |
||
| 245 | _aUsted puede usar el crédito de avío | ||
| 260 |
_aMéxico : _b(s.e.), _c(s.a.) |
||
| 300 |
_a40 p. _b: ilus. |
||
| 590 |
_aBATCH-UPD _b10 _c20130110 _lUCH01 _h1845 |
||
| 590 |
_aBATCH-UPD _b10 _c20130410 _lUCH01 _h1215 |
||
| 590 |
_aBATCH-UPD _b10 _c20130914 _lUCH01 _h1101 |
||
| 590 |
_aCONVERSION _b10 _c20130109 _lUCH01 _h1312 |
||
| 650 | 1 | 4 |
_aCrédito agrícola _zMéxico. _929089 |
| 901 | _aBK | ||
| 942 | _cFOLL | ||
| 949 |
_aFolleto 6562 _bBC _cFOLL _d-58040 _eTS1 _i25160 _mD _si |
||
| 999 |
_c20099 _d20099 |
||